000 00566nam a2200169Ia 4500
003 GCL
008 140319s9999 xx 000 0 ara d
040 _aGCL /
_cGCL
082 0 4 _a415.1
_bع ن
100 1 _aعبده الراجحى
245 1 0 _aالنحو العربى والدرس الحديث: بحث فى المنهج /
_cعبده الراجحى
260 _aالقاهرة :
_bدار النهضة العربية للطباعة والنشر ،
_c1986
300 _a170 ص ؛
_c23 سم
490 _a
650 0 4 _aالنحو العربى
942 _2ddc
_cBK
999 _c38640
_d38640